| Поле | Инд. | ПП | Название | Значение |
|---|---|---|---|---|
| Тип записи | a | |||
| Библиографический уровень | a | |||
| 001 | Контрольный номер | RU/REP/BASE/00008342 | ||
| 005 | Дата корректировки | 20181104132001.8 | ||
| 200 | 1_ | a | Заглавие | К вопросу о законодательной регламентации назначения условного осуждения несовершеннолетним |
| f | Первые сведения об ответственности | Долгополов К.А.,Зырянов В.Н. | ||
| b | Общее обозначение материала | Текст | ||
| 210 | 1_ | d | Дата издания | 2015 |
| 461 | _0 | 1 | 2001 | |
| a | Закон и право | |||
| 1 | 001RU/REP/BASE/00010629 | |||
| 463 | _1 | 1 | 20002 | |
| a | №1. | |||
| v | С. 15-21 | |||
| 1 | 2101 | |||
| d | 2015 | |||
| 610 | 0_ | a | Ключевые слова | УГОЛОВНОЕ ПРАВО РФ, НАЗНАЧЕНИЕ НАКАЗАНИЯ, ЮВЕНАЛЬНАЯ ЮСТИЦИЯ, НЕСОВЕРШЕННОЛЕТНИЕ, ТЕОРИЯ ПРАВА, ПРАВОВЫЕ АКТЫ, УСЛОВНОЕ ОСУЖДЕНИЕ |
| 700 | _1 | a | Фамилия | Долгополов |
| b | Имя | К.А. | ||
| 701 | _1 | a | Фамилия | Зырянов |
| b | Имя | В.Н. | ||
| 901 | w | Контрольный № источника | c5cf3c9c6654449cbcac7aa01423b3c3 | |
| t | Тип документа | b |